00970nam a2200265 a 450000100100000000500170001000800410002702000150006804100080008304300120009108200190010310000370012224500510015925000120021026000350022230000140025749000420027150001430031350400420045652000330049860000730053165000360060465000340064070000300067400005211320200120222717.0990630s1989 ck a gr0 0 000 d a95890437390 aspa as-ck---04a861.5bL862211 aLuque Muñoz, Henry,d1944-200510aEduardo Castillo /cpor : Henry Luque Muñoz. a1a. ed. aBogotá :bProcultura,c1989. a136 p. :. 0aClásicos colombianos Proculturav11 aEj.1 de BiblioParque de Funza : Colección proveniente de la Antigua Biblioteca Municipal, Centro Cultural Bacatá, Funza (Cundinamarca) aIncluye bibliografía y cronología3 aPoetas colombianosySiglo XX14aCastillo Gálvez, Eduardo,d1889-1938xCrítica e interpretación24gLiteratura colombianaySiglo XX24aPoesía colombianaySiglo XX2 aAlcaldía de La Estrella